[Event "Premia de Mar 4th"]
[Site "Premia de Mar"]
[Date "2017.10.06"]
[Round "1.4"]
[White "Palau Pons, Luis"]
[Black "Hernandez Bermudez, Alberto"]
[Result "1-0"]
[WhiteElo "1964"]
[BlackElo "1640"]
[PlyCount "61"]
[EventDate "2017.10.06"]
[EventType "tourn"]
[EventRounds "9"]
[EventCountry "ESP"]
[SourceTitle "EXT 2024"]
[Source "ChessBase"]
[SourceDate "2023.10.10"]
[SourceVersion "1"]
[SourceVersionDate "2023.10.10"]
[SourceQuality "1"]

1. b3 Nf6 2. Bb2 Nc6 3. e3 e5 4. Bb5 d6 5. d4 exd4 6. Qxd4 Bd7 7. Bxc6 Bxc6 8. f3 Qe7 9. e4 Nxe4 10. fxe4 Bxe4 11. Kf2 Bxc2 12. Na3 Be4 13. Nb5 Kd7 14. Re1 f5 15. Nc3 Re8 16. Nf3 h6 17. Qa4+ Kc8 18. Qxa7 Qf7 19. Qa8+ Kd7 20. Qa4+ Bc6 21. Qd4 Kc8 22. Rxe8+ Qxe8 23. Re1 Qf7 24. Ne2 Qd5 25. Qxd5 Bxd5 26. Nf4 Bf7 27. Nd4 Rg8 28. Re2 Kd7 29. Nde6 Bxe6 30. Nxe6 Be7 31. Bxg7 1-0

[Event "Llinars del Valles op 5th"]
[Site "Llinars del Valles"]
[Date "2013.11.29"]
[Round "8"]
[White "Salinas Perez, Gonzalo"]
[Black "Hernandez Bermudez, Alberto"]
[Result "1-0"]
[WhiteElo "1700"]
[BlackElo "1826"]
[PlyCount "102"]
[EventDate "2013.10.04"]
[EventType "swiss"]
[EventRounds "8"]
[EventCountry "ESP"]
[SourceTitle "CBM 157 Extra"]
[Source "ChessBase"]
[SourceDate "2013.12.19"]
[SourceVersion "1"]
[SourceVersionDate "2013.12.19"]
[SourceQuality "1"]

1. d4 Nf6 2. Nf3 d5 3. Bf4 g6 4. e3 Bg7 5. Bd3 0-0 6. h3 Nbd7 7. 0-0 c5 8. c3 c4 9. Bc2 e6 10. Nbd2 Nb6 11. Re1 Re8 12. e4 dxe4 13. Bxe4 Nxe4 14. Nxe4 Nd5 15. Bh2 a6 16. Nd6 Re7 17. Nxc4 b5 18. Nd6 Rd7 19. Ne4 Bb7 20. a3 Rc8 21. Nc5 Rxc5 22. dxc5 Nxc3 23. Qc2 Bxf3 24. gxf3 Na4 25. Rad1 Rxd1 26. Rxd1 Qg5+ 27. Kf1 Nxc5 28. b4 Na4 29. Qc8+ Bf8 30. Bd6 Qh6 31. Qxf8+ Qxf8 32. Bxf8 Kxf8 33. Rd8+ Ke7 34. Ra8 Nc3 35. Rxa6 h5 36. Rc6 Na4 37. Rc7+ Kf6 38. Rb7 Nc3 39. Ke1 e5 40. Kd2 Nb1+ 41. Kc2 Nxa3+ 42. Kb3 Nc4 43. Rxb5 Nd2+ 44. Kc2 Nxf3 45. Ra5 Kf5 46. b5 f6 47. b6 Nd4+ 48. Kd3 Nc6 49. b7 Nb8 50. Ra8 e4+ 51. Ke3 Nc6 1-0

[Event "Llinars del Valles op 5th"]
[Site "Llinars del Valles"]
[Date "2013.10.11"]
[Round "2"]
[White "Garcia Castany, Jose"]
[Black "Hernandez Bermudez, Alberto"]
[Result "1/2-1/2"]
[WhiteElo "1700"]
[BlackElo "1826"]
[PlyCount "71"]
[EventDate "2013.10.04"]
[EventType "swiss"]
[EventRounds "8"]
[EventCountry "ESP"]
[SourceTitle "CBM 157 Extra"]
[Source "ChessBase"]
[SourceDate "2013.12.19"]
[SourceVersion "1"]
[SourceVersionDate "2013.12.19"]
[SourceQuality "1"]

1. d4 d5 2. c4 c6 3. Nf3 e6 4. Nc3 f5 5. e3 Nf6 6. c5 Be7 7. b4 0-0 8. Be2 Ne4 9. Bb2 Nd7 10. Ne5 Nxe5 11. dxe5 Qe8 12. f4 Qg6 13. 0-0 Qe8 14. Rf3 g6 15. Nxe4 fxe4 16. Rh3 Rf7 17. Qe1 Bf8 18. Qh4 Qe7 19. Qe1 b6 20. Bd4 bxc5 21. Bxc5 Qd8 22. Qc3 Bxc5 23. Qxc5 Qb6 24. Rc1 Qxc5 25. Rxc5 Rc7 26. Bd1 Bd7 27. Bg4 Rb8 28. a3 Rb6 29. Be2 Rcb7 30. g4 Kg7 31. Rg3 Kf7 32. h4 h6 33. Rg2 Rb8 34. Rf2 Rf8 35. Kh2 Rc8 36. Bf1 1/2-1/2

[Event "Barcelona Primavera La Lira op 5th"]
[Site "Barcelona"]
[Date "2012.05.10"]
[Round "4"]
[White "Lopez Bergos, Pablo"]
[Black "Hernandez Bermudez, Alberto"]
[Result "1-0"]
[WhiteElo "1604"]
[BlackElo "1764"]
[PlyCount "85"]
[EventDate "2012.04.19"]
[EventType "swiss"]
[EventRounds "9"]
[EventCountry "ESP"]
[SourceTitle "CBM 148 Extra"]
[Source "ChessBase"]
[SourceDate "2012.06.22"]
[SourceVersion "1"]
[SourceVersionDate "2012.06.22"]
[SourceQuality "1"]

1. e4 c5 2. Nf3 Nc6 3. d4 cxd4 4. Nxd4 a6 5. Nc3 e6 6. Be2 Nf6 7. 0-0 Be7 8. Be3 Qc7 9. f4 d6 10. Kh1 0-0 11. Qe1 Nxd4 12. Bxd4 e5 13. fxe5 dxe5 14. Qg3 Bd6 15. Be3 Kh8 16. Rxf6 gxf6 17. Bh6 Rg8 18. Qh4 Rg6 19. Be3 Be6 20. Bh5 Rag8 21. Bxg6 Rxg6 22. Qf2 Be7 23. Nd5 Bxd5 24. exd5 Qd7 25. c4 f5 26. g3 Bg5 27. Rf1 Bxe3 28. Qxe3 e4 29. Qf4 Rg4 30. Qe5+ Kg8 31. Rxf5 Kf8 32. d6 e3 33. c5 e2 34. Rf3 Rg5 35. Qxe2 Rxc5 36. Qd2 Qc6 37. Qf4 f5 38. Kg2 Rd5 39. Qh6+ Kg8 40. Qe6+ Kh8 41. Qe7 Rd2+ 42. Kh3 Rxd6 43. Qf8# 1-0

[Event "Llinars del Valles Tardor op 3rd"]
[Site "Llinars del Valles"]
[Date "2011.11.11"]
[Round "7"]
[White "Hernandez Bermudez, Alberto"]
[Black "Lafuente Ruiz, Jose Manuel"]
[Result "1-0"]
[WhiteElo "1796"]
[BlackElo "1658"]
[PlyCount "55"]
[EventDate "2011.09.30"]
[EventType "swiss"]
[EventRounds "9"]
[EventCountry "ESP"]
[SourceTitle "EXT 2013"]
[Source "ChessBase"]
[SourceDate "2012.11.22"]
[SourceVersion "1"]
[SourceVersionDate "2012.11.22"]
[SourceQuality "1"]

1. Nf3 Nf6 2. c4 d5 3. g3 dxc4 4. Qa4+ Nc6 5. Qxc4 e6 6. a3 Bd6 7. Bg2 Bd7 8. Nc3 a6 9. d4 h6 10. e4 e5 11. d5 Na5 12. Qa2 b5 13. b4 Nc4 14. Nd2 Nxd2 15. Qxd2 c5 16. bxc5 Bxc5 17. 0-0 Rc8 18. Ne2 Qb6 19. h3 b4 20. Bb2 Qd6 21. axb4 Bxb4 22. Bxe5 Bxd2 23. Bxd6 Bb5 24. Rfd1 Rc2 25. Nd4 Rb2 26. Nxb5 axb5 27. Be5 Rc2 28. Ra8+ 1-0

[Event "Llinars op Tardor Llinars d I"]
[Site "Llinars del Valles"]
[Date "2009.11.13"]
[Round "7.8"]
[White "Hernandez Bermudez, Alberto"]
[Black "Casassas Brosa, Ramon"]
[Result "1-0"]
[WhiteElo "1778"]
[BlackElo "1695"]
[PlyCount "53"]
[EventDate "2009.10.02"]
[EventType "swiss"]
[EventRounds "9"]
[EventCountry "ESP"]
[SourceTitle "EXT 2024"]
[Source "ChessBase"]
[SourceDate "2023.10.10"]
[SourceVersion "1"]
[SourceVersionDate "2023.10.10"]
[SourceQuality "1"]

1. c4 e5 2. Nc3 f5 3. e3 Nf6 4. d4 exd4 5. exd4 Bb4 6. Bd3 d5 7. Nge2 0-0 8. 0-0 c6 9. Qc2 Ne4 10. cxd5 cxd5 11. Qb3 Bxc3 12. bxc3 Nc6 13. f3 Nf6 14. Bg5 Qc7 15. Bxf6 Rxf6 16. Qxd5+ Be6 17. Qb5 a6 18. Qb2 Rh6 19. f4 Ne7 20. Rf2 Bd5 21. Ng3 Rf8 22. Re1 Rff6 23. Re5 Ng6 24. Rxd5 Nxf4 25. Rxf4 Qxf4 26. Rd8+ Rf8 27. Qb3+ 1-0

[Event "Llinars op Tardor Llinars d I"]
[Site "Llinars del Valles"]
[Date "2009.10.09"]
[Round "2.5"]
[White "Molero Tejada, Santiago"]
[Black "Hernandez Bermudez, Alberto"]
[Result "1-0"]
[WhiteElo "1978"]
[BlackElo "1778"]
[PlyCount "57"]
[EventDate "2009.10.02"]
[EventType "swiss"]
[EventRounds "9"]
[EventCountry "ESP"]
[SourceTitle "EXT 2024"]
[Source "ChessBase"]
[SourceDate "2023.10.10"]
[SourceVersion "1"]
[SourceVersionDate "2023.10.10"]
[SourceQuality "1"]

1. e4 c5 2. f4 d6 3. Nf3 Nc6 4. d4 cxd4 5. Nxd4 Nf6 6. Nc3 a6 7. Bc4 e6 8. a3 Nxd4 9. Qxd4 b5 10. Bd3 Qc7 11. b4 Bb7 12. Bb2 e5 13. fxe5 dxe5 14. Qf2 Bd6 15. 0-0 0-0 16. Qg3 Nh5 17. Qg4 g6 18. Ne2 Qe7 19. Ng3 Nxg3 20. Qxg3 Bc6 21. Rae1 Qc7 22. Rf6 Rae8 23. c4 bxc4 24. Bxc4 Bb7 25. Bb3 Qc6 26. Re3 Qb6 27. Kh1 Qc7 28. Qg5 Rc8 29. Rxg6+ 1-0